[Event "GER-ch Seniors 22nd"]
[Site "Berlin"]
[Date "2010.08.18"]
[Round "3"]
[White "Melzig, Ernst"]
[Black "Tobi, Kurt"]
[Result "1/2-1/2"]
[WhiteElo "1273"]
[BlackElo "1543"]
[PlyCount "68"]
[EventDate "2010.08.16"]
[EventType "swiss"]
[EventRounds "9"]
[EventCountry "GER"]
[SourceTitle "CBM 138 Extra"]
[Source "ChessBase"]
[SourceDate "2010.10.29"]
[SourceVersion "1"]
[SourceVersionDate "2010.10.29"]
[SourceQuality "1"]

1. b4 d5 2. Bb2 Nf6 3. e3 e6 4. b5 g6 5. c4 Bg7 6. cxd5 exd5 7. Nf3 0-0 8. Be2 c6 9. 0-0 cxb5 10. Ba3 Re8 11. Bxb5 Bd7 12. Bxd7 Qxd7 13. Bb2 Nc6 14. d4 Rac8 15. Nc3 a6 16. Re1 Rc7 17. a3 Qd6 18. h3 Na5 19. Nd2 Nc4 20. Nxc4 Rxc4 21. Rc1 b5 22. Qd3 Rec8 23. Ne2 Ne4 24. Rxc4 Rxc4 25. Rc1 Rxc1+ 26. Nxc1 Qc6 27. Nb3 f5 28. g3 Qc7 29. Kg2 Bf8 30. Nd2 Bd6 31. Nxe4 fxe4 32. Qe2 Qc4 33. Qg4 Bf8 34. Qe6+ Kh8 1/2-1/2

[Event "GER-ch Seniors 22nd"]
[Site "Berlin"]
[Date "2010.08.16"]
[Round "1"]
[White "Melzig, Ernst"]
[Black "Bilyavskyy, Borys"]
[Result "0-1"]
[WhiteElo "1273"]
[BlackElo "1816"]
[PlyCount "64"]
[EventDate "2010.08.16"]
[EventType "swiss"]
[EventRounds "9"]
[EventCountry "GER"]
[SourceTitle "CBM 138 Extra"]
[Source "ChessBase"]
[SourceDate "2010.10.29"]
[SourceVersion "1"]
[SourceVersionDate "2010.10.29"]
[SourceQuality "1"]

1. e4 c5 2. Nf3 e6 3. c4 d6 4. Be2 Nc6 5. a3 Nf6 6. Nc3 Be7 7. 0-0 0-0 8. d4 cxd4 9. Nxd4 Qb6 10. Nxc6 Qxc6 11. Qc2 a6 12. b4 Qc7 13. Bb2 Bd7 14. Rac1 Rac8 15. Qb3 Qb8 16. Bf3 b6 17. Na4 Bc6 18. Nc3 Qb7 19. Rfe1 b5 20. cxb5 axb5 21. a4 bxa4 22. Nxa4 Nxe4 23. Bxe4 Bxe4 24. Qg3 Bg6 25. Rxc8 Rxc8 26. Qb3 Rb8 27. Bc3 d5 28. b5 Qxb5 29. Qxb5 Rxb5 30. f4 Be4 31. Kf2 f5 32. Nb2 Bc5+ 0-1

[Event "Hessen-ch Seniors op 05th"]
[Site "Bad Sooden-Allendorf"]
[Date "2009.04.30"]
[Round "6"]
[White "Melzig, Ernst"]
[Black "Augustat, Siegfried"]
[Result "1/2-1/2"]
[WhiteElo "1343"]
[BlackElo "1635"]
[PlyCount "43"]
[EventDate "2009.04.25"]
[EventType "swiss"]
[EventRounds "9"]
[EventCountry "GER"]
[SourceTitle "EXT 2022"]
[Source "ChessBase"]
[SourceDate "2021.10.06"]
[SourceVersion "1"]
[SourceVersionDate "2021.10.06"]
[SourceQuality "1"]

1. b4 e5 2. Bb2 Bxb4 3. Bxe5 Nf6 4. e3 Nc6 5. Bb2 0-0 6. Nf3 d5 7. c4 Be6 8. cxd5 Nxd5 9. Be2 Qe7 10. 0-0 Rad8 11. d4 a6 12. Nbd2 f6 13. Rc1 Bf7 14. a3 Bxa3 15. Bxa3 Qxa3 16. Qb3 Qxb3 17. Nxb3 Nxe3 18. fxe3 Bxb3 19. Bxa6 bxa6 20. Rxc6 Rc8 21. Rb1 Bd5 22. Rxa6 1/2-1/2

[Event "Hessen-ch Seniors op 04th"]
[Site "Bad Sooden-Allendorf"]
[Date "2008.05.01"]
[Round "8"]
[White "Melzig, Ernst"]
[Black "Schmieder, Horst"]
[Result "0-1"]
[WhiteElo "1409"]
[BlackElo "1582"]
[PlyCount "120"]
[EventDate "2008.04.24"]
[EventType "swiss"]
[EventRounds "9"]
[EventCountry "GER"]
[SourceTitle "EXT 2022"]
[Source "ChessBase"]
[SourceDate "2021.10.06"]
[SourceVersion "1"]
[SourceVersionDate "2021.10.06"]
[SourceQuality "1"]

1. b4 d6 2. Bb2 b6 3. e3 Nf6 4. c4 Nbd7 5. Nf3 Bb7 6. d4 e6 7. Be2 h6 8. 0-0 Be7 9. Nbd2 0-0 10. Rc1 Rc8 11. c5 bxc5 12. dxc5 dxc5 13. bxc5 Nxc5 14. Nb3 Nce4 15. Qxd8 Rfxd8 16. Rfd1 Rxd1+ 17. Rxd1 c5 18. Ne5 Nd5 19. Na5 Ba8 20. Nac4 Nec3 21. Rd2 Nxa2 22. Bf3 Nab4 23. Bxd5 Nxd5 24. e4 Nb6 25. Nxb6 axb6 26. f3 Rd8 27. Rc2 Bb7 28. Kf2 Bg5 29. Nc4 b5 30. Ne3 Bxe3+ 31. Kxe3 c4 32. Rc3 f6 33. g4 Kf7 34. Ba3 e5 35. h4 g6 36. Ke2 Ke6 37. Bb4 f5 38. gxf5+ gxf5 39. exf5+ Kxf5 40. Rc2 e4 41. fxe4+ Bxe4 42. Rc3 h5 43. Ra3 Bd3+ 44. Kf2 Rd5 45. Kg3 Ke4 46. Bc3 Bc2 47. Kf2 Ba4 48. Bb4 Rd3 49. Bc3 Rh3 50. Kg2 Rxh4 51. Be1 Rg4+ 52. Kh3 Kd5 53. Bd2 Rd4 54. Bb4 Rd3+ 55. Kh4 Rxa3 56. Bxa3 c3 57. Kxh5 Kc4 58. Kg4 b4 59. Bc1 b3 60. Kf3 b2 0-1

[Event "Hessen-ch Seniors op 04th"]
[Site "Bad Sooden-Allendorf"]
[Date "2008.04.27"]
[Round "4"]
[White "Janzen, Christian"]
[Black "Melzig, Ernst"]
[Result "1-0"]
[WhiteElo "1586"]
[BlackElo "1409"]
[PlyCount "55"]
[EventDate "2008.04.24"]
[EventType "swiss"]
[EventRounds "9"]
[EventCountry "GER"]
[SourceTitle "EXT 2022"]
[Source "ChessBase"]
[SourceDate "2021.10.06"]
[SourceVersion "1"]
[SourceVersionDate "2021.10.06"]
[SourceQuality "1"]

1. e4 e5 2. Nf3 Nf6 3. Nc3 d6 4. Bc4 Be7 5. d4 exd4 6. Nxd4 0-0 7. 0-0 c5 8. Nde2 Nc6 9. Ng3 Ne5 10. Be2 Be6 11. f4 Neg4 12. f5 Ne5 13. fxe6 fxe6 14. Bf4 Ng6 15. Be3 d5 16. exd5 exd5 17. Bf2 Qd7 18. Qd2 Rad8 19. Rfd1 Ne5 20. Qe1 Nfg4 21. Bxg4 Nxg4 22. Rxd5 Qc7 23. Qe6+ Kh8 24. Qxg4 Rxd5 25. Nxd5 Qd6 26. c4 b5 27. Nf5 Bf6 28. Nxd6 1-0

[Event "Hessen-ch Seniors op 04th"]
[Site "Bad Sooden-Allendorf"]
[Date "2008.04.25"]
[Round "2"]
[White "Weinwurm, Wolfgang"]
[Black "Melzig, Ernst"]
[Result "1-0"]
[WhiteElo "1774"]
[BlackElo "1409"]
[PlyCount "129"]
[EventDate "2008.04.24"]
[EventType "swiss"]
[EventRounds "9"]
[EventCountry "GER"]
[SourceTitle "EXT 2022"]
[Source "ChessBase"]
[SourceDate "2021.10.06"]
[SourceVersion "1"]
[SourceVersionDate "2021.10.06"]
[SourceQuality "1"]

1. e4 e5 2. d4 exd4 3. Qxd4 Nc6 4. Qe3 d6 5. Nc3 Be7 6. Bd2 Nf6 7. 0-0-0 0-0 8. f4 Bg4 9. Re1 d5 10. exd5 Nxd5 11. Qf2 Nxc3 12. Bxc3 Bf6 13. Bxf6 Qxf6 14. h3 Be6 15. Kb1 Rad8 16. g3 Bd5 17. Bg2 Bxg2 18. Qxg2 Rfe8 19. Nf3 Rxe1+ 20. Rxe1 Qe7 21. Qf2 Qd6 22. a3 h6 23. h4 Kf8 24. Qe3 Qe7 25. Qc3 Qd6 26. h5 Qd7 27. Ne5 Nxe5 28. Rxe5 Qd6 29. Ka2 f6 30. Re1 Qd5+ 31. b3 Qd6 32. Qc4 Qc6 33. Qxc6 bxc6 34. Kb2 Kf7 35. Re4 Rd5 36. Rc4 Rd6 37. Ra4 Ke6 38. Rxa7 Rd7 39. Ra5 Kd6 40. Ra8 c5 41. Re8 Kc6 42. Kc3 Rd5 43. Re7 Rxh5 44. Rxg7 Rh3 45. Kc4 Rh2 46. c3 Re2 47. Rg6 Re4+ 48. Kd3 Re6 49. Rxh6 Rd6+ 50. Kc4 Re6 51. g4 Re4+ 52. Kd3 Rxf4 53. g5 Kd7 54. Rxf6 Rg4 55. g6 c6 56. a4 Kc7 57. Rf7+ Kb6 58. g7 Ka6 59. b4 cxb4 60. cxb4 Kb6 61. Ke3 Ka6 62. Kf3 Rg6 63. Ke4 Rg1 64. Ke5 Kb6 65. Kf6 1-0

[Event "Bayern-ch Seniors 18th"]
[Site "Schloss Schney"]
[Date "2006.07.01"]
[Round "7"]
[White "Melzig, Ernst"]
[Black "Jurgan, Brigitte"]
[Result "1-0"]
[WhiteElo "1362"]
[BlackElo "1163"]
[PlyCount "117"]
[EventDate "2006.06.25"]
[EventType "swiss"]
[EventRounds "9"]
[EventCountry "GER"]
[SourceTitle "EXT 2007"]
[Source "ChessBase"]
[SourceDate "2006.11.23"]
[SourceVersion "1"]
[SourceVersionDate "2006.11.23"]
[SourceQuality "1"]

1. b4 c6 2. Bb2 Nf6 3. e3 g6 4. c4 d6 5. Nf3 Bg7 6. Be2 b6 7. Nc3 0-0 8. 0-0 Nbd7 9. Rb1 c5 10. b5 Rb8 11. d4 Re8 12. d5 e6 13. dxe6 Rxe6 14. Ng5 Qe7 15. Nxe6 Qxe6 16. Nd5 Nxd5 17. cxd5 Qe8 18. Bxg7 Kxg7 19. Rb3 Nf6 20. Bf3 Bf5 21. Re1 Be4 22. Bxe4 Nxe4 23. Qa1+ f6 24. f3 Nd2 25. Rd3 Nc4 26. Qc3 Ne5 27. Rd2 g5 28. h3 Rb7 29. Rf1 Rf7 30. f4 gxf4 31. exf4 Nd7 32. Qg3+ Kh8 33. Re1 Qf8 34. Qe3 f5 35. Qe8 Nf6 36. Qxf8+ Rxf8 37. Re7 Ne4 38. Rc2 Kg8 39. Rxa7 Rf7 40. Ra6 Rb7 41. g4 fxg4 42. hxg4 Kg7 43. Kg2 Kg6 44. Kf3 Nf6 45. Rd2 h5 46. gxh5+ Nxh5 47. Rg2+ Kf5 48. Rg5+ Kf6 49. Rxh5 c4 50. Ra3 Rc7 51. Rc3 Rc5 52. a4 Rc7 53. Rh1 Rc5 54. Ke4 Rc8 55. Rh6+ Ke7 56. f5 Re8 57. Re6+ Kf7 58. Rxe8 Kxe8 59. Rxc4 1-0

[Event "Bayern-ch Seniors 18th"]
[Site "Schloss Schney"]
[Date "2006.06.29"]
[Round "5"]
[White "Melzig, Ernst"]
[Black "Mueller, Lothar"]
[Result "0-1"]
[WhiteElo "1362"]
[BlackElo "1412"]
[PlyCount "50"]
[EventDate "2006.06.25"]
[EventType "swiss"]
[EventRounds "9"]
[EventCountry "GER"]
[SourceTitle "EXT 2007"]
[Source "ChessBase"]
[SourceDate "2006.11.23"]
[SourceVersion "1"]
[SourceVersionDate "2006.11.23"]
[SourceQuality "1"]

1. b4 e5 2. Bb2 Nc6 3. b5 Nd4 4. e3 Ne6 5. Bxe5 c5 6. c4 d6 7. Bb2 Be7 8. Nf3 Bf6 9. Nc3 Ne7 10. Qc2 b6 11. Nd5 Bxb2 12. Qxb2 Bb7 13. e4 Ng6 14. d4 0-0 15. Bd3 Bxd5 16. cxd5 Nef4 17. Bf1 Re8 18. e5 dxe5 19. Nxe5 Qxd5 20. g3 Qxh1 21. Qb3 Qe4+ 22. Qe3 Qxe3+ 23. fxe3 Nd5 24. Bg2 Nxe3 25. Kf2 Nxg2 0-1

[Event "Bayern-ch Seniors 16th"]
[Site "Schloss Schney"]
[Date "2004.06.09"]
[Round "4"]
[White "Witzgall, Hermann"]
[Black "Melzig, Ernst"]
[Result "1/2-1/2"]
[WhiteElo "1346"]
[BlackElo "1390"]
[PlyCount "87"]
[EventDate "2004.06.06"]
[EventType "swiss"]
[EventRounds "9"]
[EventCountry "GER"]
[SourceTitle "EXT 2006"]
[Source "ChessBase"]
[SourceDate "2005.11.24"]
[SourceVersion "1"]
[SourceVersionDate "2005.11.24"]
[SourceQuality "1"]

1. e4 e5 2. Nf3 Nf6 3. Nc3 d6 4. Bc4 Bg4 5. h3 Bxf3 6. Qxf3 c6 7. a3 Be7 8. d3 h6 9. Be3 b5 10. Ba2 Qd7 11. b4 0-0 12. 0-0-0 a5 13. Kd2 axb4 14. axb4 Na6 15. Rb1 Rfd8 16. g4 d5 17. exd5 Bxb4 18. Rxb4 Nxb4 19. Bb3 cxd5 20. Bxh6 e4 21. Qf4 Nh7 22. Bxg7 Qd6 23. Be5 Qg6 24. Qf5 Qg5+ 25. Bf4 Qxf5 26. gxf5 f6 27. Rg1+ Kf7 28. Nxb5 exd3 29. Nd6+ Rxd6 30. Bxd6 Ng5 31. Rg3 Ne4+ 32. Ke1 Nxg3 33. Bxb4 dxc2 34. Bxc2 Re8+ 35. Kd1 Rb8 36. Bd6 Rh8 37. fxg3 Rxh3 38. Bb3 Rh1+ 39. Ke2 Rh2+ 40. Kf3 Rd2 41. Ke3 Rh2 42. Bxd5+ Kg7 43. Kf3 Rd2 44. Ke4 1/2-1/2

[Event "Bad Sooden-Allendorf Seniors op 16th"]
[Site "Bad Sooden-Allendorf"]
[Date "2004.04.30"]
[Round "9"]
[White "Melzig, Ernst"]
[Black "Bielefeld, Guenter"]
[Result "1/2-1/2"]
[WhiteElo "1361"]
[BlackElo "1526"]
[PlyCount "151"]
[EventDate "2004.04.22"]
[EventType "swiss"]
[EventRounds "9"]
[EventCountry "GER"]
[SourceTitle "EXT 2006"]
[Source "ChessBase"]
[SourceDate "2005.11.24"]
[SourceVersion "1"]
[SourceVersionDate "2005.11.24"]
[SourceQuality "1"]

1. b4 Nf6 2. Bb2 e6 3. b5 c6 4. c4 d5 5. cxd5 cxd5 6. e3 g6 7. d4 Bg7 8. Nf3 Nbd7 9. Bd3 0-0 10. 0-0 Ne8 11. Ba3 Nef6 12. Bxf8 Qxf8 13. Nbd2 Nb6 14. a4 Nbd7 15. Qb3 b6 16. Rac1 Ne8 17. Rc3 Bb7 18. Qa3 Qxa3 19. Rxa3 e5 20. dxe5 Nxe5 21. Nxe5 Bxe5 22. f4 Bd6 23. Rc3 Bc5 24. Nf3 Bxe3+ 25. Kh1 d4 26. Rc4 Bd5 27. Rc2 Bb3 28. Rb2 Bd5 29. Ne5 Rc8 30. Rc2 Rxc2 31. Bxc2 f5 32. Nd3 Bc4 33. h3 Nd6 34. Rf3 Bd5 35. Rf1 Ne4 36. Kh2 Nd2 37. Rd1 Bc4 38. Kg3 Kg7 39. Ne5 Be2 40. Rxd2 Bxd2 41. Nd3 Bxd3 42. Bxd3 Kf6 43. Kf3 g5 44. fxg5+ Bxg5 45. g3 h5 46. g4 hxg4+ 47. hxg4 fxg4+ 48. Kxg4 Be3 49. Kf3 Ke5 50. Ke2 Kd5 51. Kd1 Kc5 52. Bc2 Kc4 53. Ke2 Kc3 54. Bb1 Kb2 55. Bd3 Kb3 56. Kd1 Kxa4 57. Kc2 Kb4 58. Kb2 Bd2 59. Kc2 Bc3 60. Kb1 Bd2 61. Kc2 Be3 62. Kb2 Bd2 63. Kc2 Bc3 64. Be2 Kc5 65. Kb3 Kd6 66. Bc4 Kc7 67. Ka4 Kd6 68. Bd3 Ke5 69. Kb3 Kf4 70. Kc2 Ke3 71. Bc4 Ba5 72. Bf1 Kf2 73. Bc4 Ke1 74. Bd3 Kf2 75. Bc4 Ke3 76. Bf1 1/2-1/2

[Event "Bayern-ch Seniors 15th"]
[Site "Schloss Schney"]
[Date "2003.06.19"]
[Round "7.27"]
[White "Melzig, Ernst"]
[Black "Grueneschild, Hildegard"]
[Result "1-0"]
[WhiteElo "1426"]
[BlackElo "1486"]
[PlyCount "142"]
[EventDate "2003.06.13"]
[EventType "swiss"]
[EventRounds "9"]
[EventCountry "GER"]
[SourceTitle "EXT 2004"]
[Source "ChessBase"]
[SourceDate "2003.11.25"]
[SourceVersion "1"]
[SourceVersionDate "2003.11.25"]
[SourceQuality "1"]

1. b4 c6 2. Bb2 Qb6 3. a3 a5 4. c4 axb4 5. c5 Qxc5 6. axb4 Qxb4 7. Rxa8 Qxb2 8. Rxb8 Kd8 9. e3 Kc7 10. Rxc8+ Kxc8 11. Nf3 d6 12. Nc3 Kc7 13. Qb1 Qxb1+ 14. Nxb1 e5 15. Ng5 Nh6 16. Be2 Be7 17. Ne4 f5 18. Nec3 e4 19. 0-0 Bf6 20. Rc1 Kd7 21. d4 d5 22. Na4 Kd6 23. Nc5 Rb8 24. Nc3 f4 25. Rb1 b6 26. N3a4 fxe3 27. fxe3 Bg5 28. Rb3 Bxe3+ 29. Rxe3 bxc5 30. dxc5+ Ke6 31. g4 Nf7 32. Nb6 Ne5 33. Kg2 Rf8 34. h3 g5 35. Ra3 h6 36. Kg3 Ng6 37. Ba6 Ne7 38. Re3 Rf4 39. Nc8 Ng6 40. Nd6 Ke5 41. Bd3 Nh4 42. Ba6 Kd4 43. Re2 Kxc5 44. Ne8 Rf3+ 45. Kh2 e3 46. Ng7 Ng6 47. Ne6+ Kd6 48. Nd4 Rf2+ 49. Rxf2 exf2 50. Bf1 c5 51. Nf5+ Ke5 52. Kg3 c4 53. Kxf2 h5 54. gxh5 Kxf5 55. hxg6 Kxg6 56. Ke3 Kf6 57. Kd4 Ke6 58. Bg2 Kd6 59. Bxd5 c3 60. Be4 Ke6 61. Kxc3 Ke5 62. Bf3 Kf4 63. Bg4 Kg3 64. Kd4 Kf4 65. Kd5 Kg3 66. Ke5 Kh4 67. Kf5 Kg3 68. Kxg5 Kf2 69. h4 Ke3 70. h5 Kd4 71. h6 Ke5 1-0

[Event "Bad Sooden-Allendorf Seniors op 15th"]
[Site "Bad Sooden-Allendorf"]
[Date "2003.05.07"]
[Round "9"]
[White "Melzig, Ernst"]
[Black "Spaete, Erwin"]
[Result "0-1"]
[WhiteElo "1391"]
[BlackElo "1657"]
[PlyCount "60"]
[EventDate "2003.05.??"]
[EventType "swiss"]
[EventRounds "9"]
[EventCountry "GER"]
[SourceTitle "EXT 2006"]
[Source "ChessBase"]
[SourceDate "2005.11.24"]
[SourceVersion "1"]
[SourceVersionDate "2005.11.24"]
[SourceQuality "1"]

1. e4 c6 2. Nf3 g6 3. Nc3 Bg7 4. d3 d5 5. Bd2 d4 6. Ne2 e5 7. c3 c5 8. cxd4 cxd4 9. Rc1 Nc6 10. b4 Qb6 11. Qb3 Be6 12. Qb2 Nge7 13. Ng5 Bd7 14. Qb3 0-0 15. a4 h6 16. Nf3 Be6 17. Qb2 f5 18. exf5 Nxf5 19. Ng3 Rac8 20. Nxf5 gxf5 21. Be2 e4 22. dxe4 fxe4 23. Rxc6 bxc6 24. a5 Qd8 25. Ba6 Rc7 26. Ng1 Rcf7 27. f3 e3 28. Bc1 d3 29. Qb1 d2+ 30. Bxd2 Qxd2+ 0-1

[Event "Bad Sooden-Allendorf Seniors op 15th"]
[Site "Bad Sooden-Allendorf"]
[Date "2003.05.04"]
[Round "6"]
[White "De Mol, Ferdinand"]
[Black "Melzig, Ernst"]
[Result "1/2-1/2"]
[WhiteElo "1496"]
[BlackElo "1391"]
[PlyCount "108"]
[EventDate "2003.05.??"]
[EventType "swiss"]
[EventRounds "9"]
[EventCountry "GER"]
[SourceTitle "EXT 2006"]
[Source "ChessBase"]
[SourceDate "2005.11.24"]
[SourceVersion "1"]
[SourceVersionDate "2005.11.24"]
[SourceQuality "1"]

1. e4 e5 2. Bc4 Nf6 3. Nc3 Bb4 4. Qe2 Bxc3 5. dxc3 0-0 6. Bg5 d6 7. Rd1 Nbd7 8. f3 Nc5 9. b3 Be6 10. Bd5 Bxd5 11. exd5 Ncd7 12. Qb5 Nb6 13. Ne2 a6 14. Qd3 h6 15. Bh4 g5 16. Bf2 Nbxd5 17. g3 Re8 18. 0-0 Qd7 19. Kg2 b6 20. a3 Ne7 21. c4 Rad8 22. Qc3 c5 23. g4 Qe6 24. h4 Kg7 25. hxg5 hxg5 26. Be3 Nh7 27. Ng3 f5 28. Rh1 f4 29. Nh5+ Kf7 30. Nxf4 gxf4 31. Rxh7+ Kg8 32. Rdh1 Ng6 33. Bf2 Rd7 34. Rxd7 Qxd7 35. Qd3 Qe6 36. Rh5 e4 37. fxe4 Qxe4+ 38. Qxe4 Rxe4 39. Rd5 Re6 40. Kf3 Kg7 41. Bg1 Ne7 42. Rd2 Ng6 43. Bh2 Re3+ 44. Kf2 Rc3 45. Kg1 Ne5 46. Rxd6 Nf3+ 47. Kh1 Nxh2 48. Kxh2 Rxc2+ 49. Kg1 b5 50. cxb5 axb5 51. Rb6 Rc1+ 52. Kf2 Rc2+ 53. Kf1 Rc1+ 54. Kf2 Rc2+ 1/2-1/2